| 000 | 00938nas a2200301 i 4500 | ||
|---|---|---|---|
| 001 | 2063 | ||
| 003 | ES-MaACL | ||
| 005 | 20250801095931.0 | ||
| 007 | t| | ||
| 008 | 950801c1880 fr | | 1 ||re d | ||
| 022 | _a0484-8616 | ||
| 080 | _a44 | ||
| 245 | 0 | 0 | _aRevue des études juives. |
| 260 |
_aParis : _bSociété des Etudes Juives, _c1880- ( _eVersailles : _fCerb et Fils) |
||
| 300 |
_a54 v. ; _c25 cm. |
||
| 310 | _aTrimestral | ||
| 362 | 0 | _aT. I (1880)- | |
| 500 | _aNo se publicó de 1915 a 1918. | ||
| 500 | _aNo se publicó en 1935. | ||
| 650 | 7 |
_aCultura _2embne _9170963 |
|
| 650 |
_aJudíos- _vHistoria. _913994 |
||
| 650 | 4 |
_aJudaísmo- _xHistoria. _913968 |
|
| 650 | 7 |
_aLiteratura judía _2embne _9162856 |
|
| 710 | 2 |
_aSociété des Etudes Juives. _96850 |
|
| 852 |
_aES-MaACL _jHem-166 |
||
| 866 | 0 | _o1880-81(1882f.t.V)1883-87,1889-94,1896-98,1900-14.1919-26(1927)1928-31,1933-34.(1936). | |
| 999 |
_c2063 _d2063 |
||